End of management and the rise of organizational democracy (Record no. 399842)

000 -LEADER
fixed length control field 00602cam a22001937a 4500
008 - FIXED-LENGTH DATA ELEMENTS--GENERAL INFORMATION
fixed length control field 180718b2002 xxu||||| |||| 00| 0 eng d
020 ## - INTERNATIONAL STANDARD BOOK NUMBER
International Standard Book Number 078795912X
082 ## - DEWEY DECIMAL CLASSIFICATION NUMBER
Classification number I513 C622
245 ## - TITLE STATEMENT
Title End of management and the rise of organizational democracy
Statement of responsibility, etc. by Kenneth Cloke and Joan Goldsmith
260 ## - PUBLICATION, DISTRIBUTION, ETC.
Place of publication, distribution, etc. San Francisco
Name of publisher, distributor, etc. Jossey-Bass
Date of publication, distribution, etc. 2002
300 ## - PHYSICAL DESCRIPTION
Extent 310p.
650 ## - SUBJECT ADDED ENTRY--TOPICAL TERM
Topical term or geographic name entry element Democracy
650 ## - SUBJECT ADDED ENTRY--TOPICAL TERM
Topical term or geographic name entry element Management --Employee participation
650 ## - SUBJECT ADDED ENTRY--TOPICAL TERM
Topical term or geographic name entry element Self-directed work teams
650 ## - SUBJECT ADDED ENTRY--TOPICAL TERM
Topical term or geographic name entry element Employee empowerment
650 ## - SUBJECT ADDED ENTRY--TOPICAL TERM
Topical term or geographic name entry element Organizational change
700 ## - ADDED ENTRY--PERSONAL NAME
Personal name Goldsmith, Joan
700 ## - ADDED ENTRY--PERSONAL NAME
Personal name Cloke, Kenneth
Holdings
Withdrawn status Lost status Damaged status Not for loan Permanent Location Current Location Date acquired Full call number Barcode Date last seen Price effective from Koha item type
        Indian Institute of Public Administration Indian Institute of Public Administration 2002-07-31 I513 C622 77709 2018-07-21 2018-07-21 Book

Powered by Koha